| 000 | 01005pab a2200193 454500 | ||
|---|---|---|---|
| 008 | 180718b1998 xxu||||| |||| 00| 0 eng d | ||
| 100 | _aSingh, S.S. | ||
| 245 | _aDistilling contributions of administrative law in promoting the culture of good governance | ||
| 260 | _c1998 | ||
| 300 | _ap.374-384. | ||
| 362 | _aJul-Sep | ||
| 520 | _aVisualising primacy of administrative law in promoting good governance, the author first presents the fundamental features of administrative law which are congruent to realisation of good governance. He then, drawing heavily from values in administrative law, discusses the measures needed to realise good governance. He, in fact, also suggests certain reforms in administrative law itself to further secure effects of good governance in public administration. - Reproduced | ||
| 650 | _aPublic administration | ||
| 650 | _aAdministrative law | ||
| 650 | _aGood governance | ||
| 773 | _aIndian Journal of Public Administration | ||
| 908 | _aN | ||
| 909 | _a39396 | ||
| 999 |
_c39396 _d39396 |
||